000 003030000a22000970004500
100 1 _aMcKaughan, Paul
245 1 0 _aDeams, hopes concernens fears : Working together to shape the new millenium
300 _aVol. 35, Núm 3 (1999), Páginas 306-320
773 0 _tEvangelical Missions Quarterly
942 _cANA
999 _c58205
_d58205